000 00673 a2200205 4500
999 _c4527
_d4527
010 _aENG-86342
020 _a8120330795
_c295.00
035 _aEN-69875
037 _bDBAD / PUB
082 1 4 _a621.51
100 1 _aIlango, S
245 1 _aIntroduction to hydraulics and pneumatics /
_cby S. Ilango [and] V. Soundararajan
260 _aNew Delhi
_bPrentice-Hall of India
_c2007
270 _aM-97, Connaught Circus
_bNew Delhi
_cDelhi
_e110001
300 _axv, 292 p.
_bill.
_c24 cm. (Pbk)
500 _aIncludes bibliographical references and index
650 0 _aHydraulics
700 _aSundararajan, V
_935740
942 _adpl
_cEN
_2ddc
_h621.51
_mILA